|
|
|
|
| LEADER |
00000nab a2200000 ar4500 |
| 001 |
vtls009301594 |
| 003 |
SK-MaSNL |
| 005 |
20260305010120.0 |
| 008 |
080606c2008 xo wr|p|||||||000 b|slo |
| 038 |
|
|
|a PPPK
|
| 040 |
|
|
|a PPPKCL
|b slo
|c PPPKCL
|e AACR2
|
| 041 |
0 |
|
|a slo
|
| 044 |
|
|
|a xo
|c SK
|
| 080 |
|
|
|a 663.93:347.72
|2 2001
|
| 080 |
|
|
|a 631.564
|2 2001
|
| 080 |
|
|
|a 663.933.4
|2 2001
|
| 245 |
0 |
0 |
|a Moderná firma s vyše päťdesiatročnou tradíciou
|c [autor] (rek)
|
| 300 |
|
|
|b Obr.
|
| 610 |
2 |
7 |
|a Baliarne obchodu (Poprad, Slovensko)
|2 pppkcl
|9 33166
|
| 648 |
|
7 |
|a 1955
|2 pppkcl
|9 283906
|
| 650 |
0 |
7 |
|a káva
|2 pppkcl
|9 3503
|
| 650 |
0 |
7 |
|a balenie
|2 pppkcl
|9 311158
|
| 650 |
0 |
7 |
|a Spracovanie kávy
|2 pppkcl
|9 1585284
|
| 650 |
0 |
7 |
|a obchodné spoločnosti
|2 pppkcl
|9 3650
|
| 651 |
|
7 |
|a Poprad (Slovensko)
|2 pppkcl
|9 20155
|
| 773 |
0 |
|
|t Podtatranské noviny
|g Roč. IL, č. 15 (2008), s. 6
|
| 852 |
|
|
|a PPPK
|b KIS3GCP
|
| 999 |
|
|
|c 3244727
|d 3246657
|